|
|
|
|
| LEADER |
00809nas a2200181 i 4500 |
| 001 |
acta42611 |
| 005 |
20260224081030.0 |
| 008 |
170222s2016 hu o 000 eng d |
| 022 |
|
|
|a 1417-3875
|
| 040 |
|
|
|a SZTE Egyetemi Kiadványok Repozitórium
|b hun
|
| 041 |
|
|
|a eng
|
| 100 |
1 |
|
|a Nesterov Pavel
|
| 245 |
1 |
0 |
|a Asymptotic integration of functional differential systems with oscillatory decreasing coefficients
|h [elektronikus dokumentum] :
|b a center manifold approach /
|c Nesterov Pavel
|
| 260 |
|
|
|c 2016
|
| 300 |
|
|
|a 1-43
|
| 490 |
0 |
|
|a Electronic journal of qualitative theory of differential equations
|
| 695 |
|
|
|a aszimptotikus integrálás, funkcionális differenciál rendszerek, becslési módszer, Levinson elmélet
|
| 856 |
4 |
0 |
|u http://acta.bibl.u-szeged.hu/42611/1/ejqtde_2016_033_001-043.pdf
|z Dokumentum-elérés
|